<?xml version="1.0" encoding="utf-8"?>
<?xml-stylesheet type='text/xsl' href='./oai2.xsl'?>
<OAI-PMH xmlns="http://www.openarchives.org/OAI/2.0/" xmlns:xsi="http://www.w3.org/2001/XMLSchema-instance" xsi:schemaLocation="http://www.openarchives.org/OAI/2.0/ http://www.openarchives.org/OAI/2.0/OAI-PMH.xsd">
  <responseDate>2026-06-06T09:50:39Z</responseDate>
  <request verb="GetRecord" metadataPrefix="marcxml" identifier="record_kuniweb_161733">https://kulturerbe.niedersachsen.de/oai</request>
  <GetRecord>
    <record>
      <header>
        <identifier>record_kuniweb_161733</identifier>
        <datestamp>2025-08-28T09:38:22Z</datestamp>
        <setSpec>slg0137</setSpec>
      </header>
      <metadata>
        <marc:record xmlns:marc="http://www.loc.gov/MARC21/slim" xsi:schemaLocation="http://www.loc.gov/MARC21/slim http://www.loc.gov/standards/marcxml/schema/MARC21slim.xsd">
          <marc:leader>12345nkm  22     uu 4500</marc:leader>
          <marc:controlfield tag="001">161733</marc:controlfield>
          <marc:controlfield tag="003">http://kuniweb.gbv.de</marc:controlfield>
          <marc:controlfield tag="005">2019-10-19T19:44:40</marc:controlfield>
          <marc:controlfield tag="008">|           ||||||||||||||||||||||</marc:controlfield>
          <marc:datafield tag="245" ind1="1" ind2="0">
            <marc:subfield code="a">Situationsplan zur Compoundmaschine für die Juliushütte in  Ellrich a. Harz, 1895</marc:subfield>
          </marc:datafield>
          <marc:datafield tag="710" ind1="2" ind2=" ">
            <marc:subfield code="a">Juliushütte Ellrich</marc:subfield>
            <marc:subfield code="e">AuftraggeberIn</marc:subfield>
          </marc:datafield>
          <marc:datafield tag="655" ind1=" " ind2="7">
            <marc:subfield code="a">Grafik</marc:subfield>
          </marc:datafield>
          <marc:datafield tag="046" ind1=" " ind2=" ">
            <marc:subfield code="k">1895-02</marc:subfield>
            <marc:subfield code="k">Februar 1895</marc:subfield>
          </marc:datafield>
          <marc:datafield tag="260" ind1=" " ind2=" ">
            <marc:subfield code="g">1895-02</marc:subfield>
            <marc:subfield code="g">Februar 1895</marc:subfield>
          </marc:datafield>
          <marc:datafield tag="520" ind1=" " ind2=" ">
            <marc:subfield code="a">Zeichnung - Blaupause
Herstellungsort - Barmen, Maschinenfabrik  Wever &amp; Co   . 

Auftraggeber und Standort:
Julius Bergmann, Juliushütte, Ellrich a. Harz

Information:
Zur Inventarnummer sind vier unterschiedliche Zeichnungen vorhanden.

Anmerkung zum Objekt.
Compoundmaschine - Elektrotechnik. 
Gleichstrommaschine, die im Haupt- und im Nebenschluss gleichzeitig erregt wird.
AUS.
Compoundmaschine aus dem Lexikon - wissen.de | http://www.wissen ...
www.wissen.de/lexikon/compoundmaschine

Anmerkung zum Auftraggeber:
1877/78 hatte der Fabrikant Julius Bergmann auf dem Gelände am Fuße des Pontelberges in der Nähe der östlichen Zufahrt zum Eisenbahntunnel Ellrich-Walkenried eine Gipsfabrik gegründet und ihr seinen Namen gegeben. Zu Beginn des 20. Jahrhunderts entwickelte sich das Unternehmen zur damals größten Gipsfabrik in Deutschland. Wegen Überkapazitäten bei der Gipsgewinnung wurde das Unternehmen 1927 gegen Abfindung geschlossen.
Quelle:
Ellrich, Juliushütte - Herbert Naumann
www.herbert-naumann.de/ellrich-juliushuette.html



 (Förderkreis Königshütte Bad Lauterberg e.V.)

Maßstab: 0 zu 0</marc:subfield>
          </marc:datafield>
          <marc:datafield tag="650" ind1="1" ind2=" ">
            <marc:subfield code="a">Dampfmaschine</marc:subfield>
          </marc:datafield>
          <marc:datafield tag="650" ind1="1" ind2=" ">
            <marc:subfield code="a">Grafik, Fotografie &gt; Zeichnung</marc:subfield>
          </marc:datafield>
          <marc:datafield tag="650" ind1="1" ind2=" ">
            <marc:subfield code="a">Industrie</marc:subfield>
          </marc:datafield>
          <marc:datafield tag="650" ind1="1" ind2=" ">
            <marc:subfield code="a">Ellrich (Nordhausen, Thüringen)</marc:subfield>
          </marc:datafield>
          <marc:datafield tag="773" ind1="0" ind2=" ">
            <marc:subfield code="t">Maschinen</marc:subfield>
          </marc:datafield>
          <marc:datafield tag="852" ind1=" " ind2=" ">
            <marc:subfield code="a">Industriedenkmal Königshütte Bad Lauterberg im Harz</marc:subfield>
          </marc:datafield>
          <marc:datafield tag="" ind1=" " ind2=" ">
            <marc:subfield code="a">Namensnennung - Nicht kommerziell - Keine Bearbeitungen 4.0 International (CC BY-NC-ND 4.0)</marc:subfield>
          </marc:datafield>
        </marc:record>
      </metadata>
    </record>
  </GetRecord>
</OAI-PMH>
